000 01456nab a22002657a 4500
999 _c6413
_d6413
003 OSt
005 20260202120819.0
008 190429b xxu||||| |||| 00| 0 spa d
040 _cPJ
100 _94083
_aChavarría, Magalí A.
245 1 0 _aViolencia institucional contra las mujeres. Abuso de autoridad por parte de agentes policiales del Estado en casos de violencia de género /
_cMagalí A. Chavarria.
260 _cCiudad Autónoma de Buenos Aires :
_aThomson Reuters La Ley,
_b2023.
300 _ap. 121-130
500 _aCita Online: AR/DOC/1823/2023.
505 _aSumario: I. Introducción.— II. Violencia institucional. Debida diligencia por parte del Estado.— III. Análisis del tipo penal de abuso de autoridad.— IV. Postura de la Cámara en lo Criminal y Correccional de 10°. Nominación de la provincia de Córdoba.— V. Conclusiones.
505 _aFallo comentado: CCrim. Corr. 10a Nom., Córdoba ~ 19/12/2022 ~ C., R. C. D. s/ P.S.A. abuso de autoridad.
505 _tSi te interesa el texto completo, solicitalo a koha@justierradelfuego.gov.ar
650 0 _9343
_aDERECHO PENAL
650 0 _93053
_aVIOLENCIA DE GÉNERO
650 0 _aDISCRIMINACION
_91576
650 0 _aABUSO DE AUTORIDAD
_92859
650 0 _aPOLICÍA
_94027
773 0 _02658
_93164
_tRevista de derecho penal y criminología. Nº 8 - Septiembre 2023
_dCiudad Autónoma de Buenos Aires : Thomson Reuters La Ley, 2017-
_x00347914
942 _2udc
_cANA